01039nab a2200265uuc4500001000800000005001700008008004100025035001200066040001300078041000800091100003900099245009600138260001000234650003300244650004100277650007700318700004300395700003900438700004600477700004100523700004800564773013200612942001000744999001900754144910120240202124450.0160826s2016 spa  a1449101 ccomduadb aspa10aMaldavsky, David4auteaut924484810aEstudio de las intervenciones de un mismo terapeuta con 20 pacientes en la primera sesión c2016. aTerapeuta y paciente9149010 aRelación terapeuta-paciente970917 7aPsicoanálisisxCasos, historias clínicas, estadísticas2lemb9332410aArgibay, Juan Carlos4auteaut963837310aScilletta, Delia4auteaut961178810aRembado, José María4auteaut961268810aSimone, Luján de4auteaut968624810aGarcía Grigera, Horacio4auteaut97287340 tSubjetividad y Procesos Cognitivos (Buenos Aires)gVolumen 20, Número 1, Enero-Junio 2016, 128-146w1232057z1666244X0573304 cARIMP c742404d742404